Nghiên cứu cơ cấu phân bón để tăng cường khả năng chịu hạn và chịu nhiệt độ cao của cây vừng

Wedi'i Gadw mewn:
Manylion Llyfryddiaeth
Prif Awdur: Nguyễn Tấn Lê (Chủ nhiệm đề tài)
Fformat: Llyfr
Cyhoeddwyd: 2008
Tagiau: Ychwanegu Tag
Dim Tagiau, Byddwch y cyntaf i dagio'r cofnod hwn!
Thư viện lưu trữ: Mạng thư viện Đại học Đà Nẵng
LEADER 00749nam a2200229 4500
001 000020524
003 16970
005 20150323080358.0
008 150323s2008 sd
100 1 |a Nguyễn Tấn Lê  |e Chủ nhiệm đề tài 
245 1 0 |a Nghiên cứu cơ cấu phân bón để tăng cường khả năng chịu hạn và chịu nhiệt độ cao của cây vừng  |c Nguyễn Tấn Lê 
260 |c 2008 
500 |a Đề tài NCKH cấp Bộ . Mã số : B2008-03-32 
OWN |a LSP 
999 |a From the UDN01 
TYP |a Mixed Materials 
TYP |a Monograph 
TYP |a Printed language 
980 |a Mạng thư viện Đại học Đà Nẵng